[Event "Challenge"]
[Site "http://www.queenalice.com/game.php?id=1159414"]
[Date "2013.3.9"]
[Round "-"]
[White "dedey_r3"]
[Black "Leucio"]
[Result "0-1"]
[WhiteElo "1620"]
[BlackElo "1645"]

1. e4 e5 2. Nf3 Nc6 3. Be2 Nf6 4. Nc3 Bc5 5. h3 O-O 6. d4 exd4 7. Nd5 Bb4+ 8.
Nxb4 Nxb4 9. Nxd4 c5 10. Nf3 Nxe4 11. O-O b6 12. c3 Nc6 13. Qd5 Qe7 14. Bd3 Nf6
15. Qb3 d5 16. c4 d4 17. Re1 Qd6 18. Be4 Bb7 19. Bd3 Rfe8 20. Rxe8+ Rxe8 21. Bg5
Ne5 22. Nxe5 Qxe5 23. Bxf6 Qxf6 24. Bc2 Qc6 25. f3 Qc7 26. Qd3 g6 27. Ba4 Re3
28. Qd2 Qg3 29. Kh1 Bxf3 30. Rg1 Qxh3# 0-1

[Event "Challenge"]
[Site "http://www.queenalice.com/game.php?id=1159965"]
[Date "2013.3.11"]
[Round "-"]
[White "dedey_r3"]
[Black "Leucio"]
[Result "1-0"]
[WhiteElo "1611"]
[BlackElo "1714"]

1. e4 e5 2. Qh5 Nf6 3. Qxe5+ Be7 4. Nc3 Nc6 5. Qb5 a6 6. Qe2 Nd4 7. Qd1 b5 8.
Nf3 Bc5 9. Nxd4 Bxd4 10. b4 Bb7 11. Bd3 Nxe4 12. Bxe4 Bxe4 13. Qe2 Qe7 14. O-O
O-O 15. Re1 f5 16. Rb1 d5 17. Bb2 Qe5 18. Nd1 f4 19. d3 Bxg2 20. Qxe5 Bxe5 21.
Kxg2 Bxb2 22. Nxb2 f3+ 23. Kg3 h5 24. c4 dxc4 25. dxc4 g5 26. Re4 Kg7 27. Re7+
Kg6 28. Nd3 h4+ 29. Kh3 Kh5 30. Ne5 Rf4 31. Rh7# 1-0

[Event "Challenge"]
[Site "http://www.queenalice.com/game.php?id=1161401"]
[Date "2013.3.15"]
[Round "-"]
[White "dedey_r3"]
[Black "Leucio"]
[Result "0-1"]
[WhiteElo "1638"]
[BlackElo "1708"]

1. e4 e5 2. Qh5 Nf6 3. Qxe5+ Be7 4. Bc4 Nc6 5. Qc3 b6 6. Qb3 Ne5 7. c3 Nxc4 8.
Qxc4 Bb7 9. d3 O-O 10. Qb3 c6 11. Nf3 d5 12. O-O dxe4 13. dxe4 Nxe4 14. Qc2 c5
15. Nbd2 Qd5 16. Re1 f5 17. Qb3 c4 18. Qc2 Rad8 19. b3 b5 20. Bb2 Bc5 21. Nxe4
fxe4 22. Nd4 e3 23. Rxe3 Qxg2# 0-1

[Event "Challenge"]
[Site "http://www.queenalice.com/game.php?id=1161402"]
[Date "2013.3.15"]
[Round "-"]
[White "Leucio"]
[Black "dedey_r3"]
[Result "1-0"]
[WhiteElo "1694"]
[BlackElo "1652"]

1. d4 d5 2. c4 dxc4 3. e4 b5 4. Nc3 Bd7 5. Bf4 e6 6. Nf3 Bd6 7. e5 Bb4 8. Bd2
Ne7 9. b3 cxb3 10. Qxb3 Bxc3 11. Bxc3 O-O 12. Bd3 Nd5 13. Bd2 a6 14. Qc2 Nf6 15.
Bg5 Nc6 16. Bxh7+ Kh8 17. exf6 gxf6 18. Bh6 Re8 19. Qe2 Kxh7 20. Bf4 Rg8 21. Nd2
Nxd4 22. Qh5+ Kg7 23. Qh6# 1-0

[Event "Challenge"]
[Site "http://www.queenalice.com/game.php?id=1170160"]
[Date "2013.4.10"]
[Round "-"]
[White "Eggchaser"]
[Black "Leucio"]
[Result "1-0"]
[WhiteElo "1837"]
[BlackElo "1746"]

1. Nf3 d5 2. c4 Nf6 3. cxd5 Nxd5 4. e4 Nb6 5. h3 c5 6. Bb5+ Nc6 7. d4 a6 8.
Bxc6+ bxc6 9. O-O c4 10. Be3 e6 11. Qc2 Be7 12. Nbd2 O-O 13. Nxc4 Nxc4 14. Qxc4
Bb7 15. Rfd1 Qc7 16. Rac1 Rfd8 17. d5 c5 18. d6 Rxd6 19. Rxd6 Bxd6 20. e5 Bxe5
21. Nxe5 Qxe5 22. b3 Rc8 23. Qd3 Be4 24. Qxa6 Rd8 25. Qb6 Rd7 26. Qxc5 Qxc5 27.
Rxc5 f5 28. Rc8+ Kf7 29. Rb8 1-0

[Event "Challenge"]
[Site "http://www.queenalice.com/game.php?id=1170161"]
[Date "2013.4.10"]
[Round "-"]
[White "Leucio"]
[Black "Eggchaser"]
[Result "1-0"]
[WhiteElo "1727"]
[BlackElo "1796"]

1. e4 c5 2. c4 Nc6 3. Nf3 d6 4. Nc3 Nf6 5. b3 g6 6. Bb2 Bg7 7. Be2 O-O 8. O-O b6
9. d4 Nxd4 10. Nxd4 cxd4 11. Qxd4 Bb7 12. Nd5 e6 13. Nxf6+ 1-0